| 000 | 00480nam a2200157 i 4500 | ||
|---|---|---|---|
| 001 | 61406 | ||
| 003 | ES-MaACL | ||
| 007 | t| | ||
| 008 | 031112s1945 it ||||1| ita d | ||
| 100 | 1 |
_aFabbrichesi, Renato. _948497 |
|
| 245 | 1 | 0 |
_aElementi delle costruzione _b: (civile ed industriali) / _cRenato Fabbrichesi. |
| 250 | _a3ª ed. | ||
| 260 |
_aPadova : _bR. Zannoni, _c1945 ( _fStidio S.A.) |
||
| 300 |
_a376 p., XXXVIII, lám. ; _c26 cm. |
||
| 852 |
_aES-MaACL _jE-2321 _bR.24046 |
||
| 999 |
_c61406 _d61406 |
||